Examination questions (Record no. 99740)
[ view plain ]
| 000 -LEADER | |
|---|---|
| fixed length control field | 00672cam a22001935a 4500 |
| 001 - CONTROL NUMBER | |
| control field | ##J100654 |
| 008 - FIXED-LENGTH DATA ELEMENTS--GENERAL INFORMATION | |
| fixed length control field | 000000s1911 000 0 eng u |
| 035 ## - SYSTEM CONTROL NUMBER | |
| System control number | (Sirsi) u100654 |
| 041 0# - LANGUAGE CODE | |
| Language code of text/sound track or separate title | eng |
| 050 04 - LIBRARY OF CONGRESS CALL NUMBER | |
| Classification number | 333.0062 $2 18 |
| 110 2# - MAIN ENTRY--CORPORATE NAME | |
| Corporate name or jurisdiction name as entry element | Auctioneers' Institute of the United Kingdom |
| 9 (RLIN) | 3785 |
| 245 00 - TITLE STATEMENT | |
| Title | Examination questions |
| Remainder of title | final 1897-1902 |
| -- | direct final 1901-1902 |
| 260 ## - PUBLICATION, DISTRIBUTION, ETC. | |
| Place of publication, distribution, etc. | [S.l] |
| Name of publisher, distributor, etc. | [s.n.] |
| Date of publication, distribution, etc. | 1911 |
| 300 ## - PHYSICAL DESCRIPTION | |
| Extent | 74p. |
| Other physical details | 3 plates |
| Dimensions | 18cm. |
| 520 ## - SUMMARY, ETC. | |
| Summary, etc. | Collection of final exam questions based on auctioneering and other property law related subjects. |
| 651 #4 - SUBJECT ADDED ENTRY--GEOGRAPHIC NAME | |
| Geographic name | Great Britain |
| Chronological subdivision | 1707- |
| 690 ## - LOCAL SUBJECT ADDED ENTRY--TOPICAL TERM (OCLC, RLIN) | |
| Topical term or geographic name as entry element | CAREERS, EDUCATION AND TRAINING-QUALIFICATION ROUTES |
| 942 ## - ADDED ENTRY ELEMENTS (KOHA) | |
| Suppress in OPAC | 0 |
| Withdrawn status | Lost status | Source of classification or shelving scheme | Damaged status | Not for loan | Home library | Current library | Shelving location | Date acquired | Total Checkouts | Full call number | Barcode | Date last seen | Copy number | Price effective from | Koha item type |
|---|---|---|---|---|---|---|---|---|---|---|---|---|---|---|---|
| Dewey Decimal Classification | Historic collection | Historic collection | RICS Boxes | 21/10/1999 | RICS 1902/3 | 30059590 | 06/08/2019 | 1 | 06/08/2019 | Archive |